Hardest Levels In Geometry Dash - Statistics

General Stats
  • This quiz has been taken 21 times
    7 since last reset
  • The average score is 42 of 150
Answer Stats
Level's Placement Level % Correct
3 Amethyst
100%
9 andromeda
100%
7 BOOBAWAMBA
100%
2 Flamewall
100%
5 Nullscapes
100%
6 Quanteuse processing
100%
10 Subsuming Vortex
100%
134 Thinking Space
100%
1 Thinking Space II
100%
4 Tidal Wave
100%
118 Zodiac
100%
17 Abyss of Darkness
80%
14 Acheron
80%
13 Avernus
80%
49 Codependence
80%
19 Defeated Circles
80%
8 Every End
80%
46 Limbo
80%
26 Sakupen Circles
80%
40 Sevvend Clubstep
80%
11 Silent Clubstep
80%
22 Slaughterhouse
80%
15 Spectre
80%
18 Tunnel Of Despair
80%
12 Anathema
60%
25 CHIL
60%
31 Firework
60%
20 Kyouki
60%
61 Ordinary
60%
135 Renevant
60%
69 Sonic Wave Infinity
60%
24 The lightning rod
60%
132 Ascent
40%
42 COMBUSTION
40%
27 Deimos
40%
28 Eyes In the Water
40%
47 Gaggatrondra
40%
138 Instinct
40%
23 KOCMOC
40%
50 Mayhem
40%
16 Menace
40%
38 MINUSdry
40%
133 Promethean
40%
21 Subterminal Point
40%
70 Tartarus
40%
82 The Golden
40%
41 The hallucination
40%
96 Aerial Gleam
20%
39 Apocalyptic Trilogy
20%
102 azure blast
20%
68 BEELINE
20%
48 Belladona
20%
140 Calculator Core
20%
60 Climax
20%
73 Coalescense
20%
129 Cold Sweat
20%
55 Collapse
20%
136 ConClusion
20%
37 CONVULSION
20%
143 Crimson Planet
20%
54 Damascus
20%
43 Deadlier Clubstep
20%
75 Delta
20%
131 Dry Out Copyable 2
20%
44 Edge Of Destiny
20%
130 Frost Spirit
20%
117 Goober Rage Stage
20%
115 Hard Machine
20%
100 Henken
20%
52 Infinite Chaos
20%
103 Kenos
20%
29 Kosetsu
20%
92 limbo but uwu ig idk
20%
62 Loops of Fury
20%
63 Midnight
20%
80 Natural Disaster
20%
53 Operation Evolution
20%
33 Poocubed
20%
58 SARYYX NEVER CLEAR
20%
35 Saul Goodman
20%
142 shimmer
20%
32 Silentlocked
20%
64 Sinister Silence
20%
34 Snowbound
20%
45 Solar Flare
20%
113 Swing Swing
20%
36 The Salt Factory
20%
59 The Yangire
20%
30 Through The Gates
20%
141 Trotil
20%
87 UNKNOWN
20%
84 Viprin UFO
20%
51 Walter White
20%
72 Waterfall
20%
71 Wavterminal
20%
137 We Are Not The Same
20%
122 Widestep
20%
67 Arcturus
0%
146 ATOMIC CANNON MK II
0%
88 ATOMIC CANNON MK III
0%
119 Axinie
0%
147 Axiom Asterism
0%
95 Blood Echo
0%
79 BPATA MPAKA
0%
90 Checked Steam
0%
105 chrome hearts
0%
65 Cimmerian Shade
0%
149 Cognition
0%
124 Crackhead Circles
0%
91 Critical Heat
0%
74 Crystal Crusher
0%
112 Dark Dimension
0%
56 Decks Dark
0%
110 Destruction 19
0%
144 DIRECTIONS
0%
97 DISCONNECT
0%
145 Disconnected Descent
0%
116 Dissonance
0%
109 Esfera
0%
104 Fragile
0%
93 Graceful
0%
114 Guideless Goobering
0%
148 Indivine
0%
128 in this
0%
123 IRIS
0%
77 Jigsaw
0%
120 Judgement Knights
0%
126 Keres
0%
121 Lithium
0%
127 Lotus Flower
0%
150 Neon Skyline
0%
85 Network
0%
111 NEUTRA
0%
83 Oblivion
0%
66 Psychopath
0%
125 Scream Machine
0%
89 Shukketsu
0%
139 Sky Shredder
0%
107 Starlight Summit
0%
98 Starlit Stroll
0%
81 Terminal Rampancy
0%
76 THE JET ENGINE
0%
94 The Paroxysm Of Rage
0%
57 The Plunge
0%
78 The Wonder of You
0%
99 Time Lapse
0%
101 Trueffet
0%
86 Verdant Landscape
0%
106 VOID
0%
108 WOBBLING MACHINE
0%
No matching quizzes found
Score Distribution
Percent of People with Each Score
Percentile by Number Answered
Your Score History
You have not taken this quiz since the last reset